Normal view
MARC view
- الرشيدي، هالة احمد
Entry Personal Name
001 - CONTROL NUMBER
- control field: 64407
003 - CONTROL NUMBER IDENTIFIER
- control field: JO-AjAnu
005 - DATE AND TIME OF LATEST TRANSACTION
- control field: 20230606084520.0
008 - FIXED-LENGTH DATA ELEMENTS
- fixed length control field: 230606|| aca||aabn | a|a d
040 ## - CATALOGING SOURCE
- Original cataloging agency: JO-AjAnu
- Transcribing agency: JO-AjAnu
100 ## - HEADING--PERSONAL NAME
- Personal name: الرشيدي، هالة احمد
670 ## - SOURCE DATA FOUND
- Source citation: Work cat.: (JO-AjAnu)32919: الرشيدي، هالة احمد, author, الحقوق المكتسبة في القانون الدولي: دراسة نظرية مع التطبيق على حقوق مصر في مياه النيل